|
|
|
|
| LEADER |
00000naa2a2200000 4500 |
| 001 |
194641 |
| 005 |
20231221164957.0 |
| 035 |
|
|
|a (RuTPU)RU\TPU\book\212298
|
| 090 |
|
|
|a 194641
|
| 100 |
|
|
|a 20110420d2009 k y0rusy50 ca
|
| 101 |
0 |
|
|a rus
|
| 102 |
|
|
|a RU
|
| 200 |
1 |
|
|a Влияние добавок наноструктурного диборида титана на структуру и механические свойства композитов, полученных методом SPS
|f И. В. Степанова, О. С. Морозова, С. В. Панин
|
| 320 |
|
|
|a Библиогр.: 3 назв.
|
| 463 |
|
1 |
|0 (RuTPU)RU\TPU\book\72093
|t Новые материалы. Создание, структура, свойства-2009
|o всероссийская конференция с элементами научной школы для молодежи, Томск, 8-11 сентября 2009 г.
|o труды
|f Томский политехнический университет (ТПУ)
|v С. 15-19
|d 2009
|p 308 с.
|
| 610 |
1 |
|
|a диборид титана
|
| 610 |
1 |
|
|a наноструктуры
|
| 610 |
1 |
|
|a добавки
|
| 610 |
1 |
|
|a композиты
|
| 610 |
1 |
|
|a структуры
|
| 610 |
1 |
|
|a механические свойства
|
| 610 |
1 |
|
|a микроструктуры
|
| 610 |
1 |
|
|a нанокомпозиты
|
| 610 |
1 |
|
|a рентгенограммы
|
| 610 |
1 |
|
|a метод SPS
|
| 610 |
1 |
|
|a композиционные материалы
|
| 610 |
1 |
|
|a труды учёных ТПУ
|
| 700 |
|
1 |
|a Степанова
|b И. В.
|
| 701 |
|
1 |
|a Морозова
|b О. С.
|
| 701 |
|
1 |
|a Панин
|b С. В.
|c специалист в области материаловедения
|c профессор Томского политехнического университета, доктор технических наук
|f 1971-
|g Сергей Викторович
|3 (RuTPU)RU\TPU\pers\26548
|9 12237
|
| 801 |
|
1 |
|a RU
|b 63413507
|c 20110420
|
| 942 |
|
|
|c BK
|